<?xml version="1.0" encoding="UTF-8"?>
<record
    xmlns:xsi="http://www.w3.org/2001/XMLSchema-instance"
    xsi:schemaLocation="http://www.loc.gov/MARC21/slim http://www.loc.gov/standards/marcxml/schema/MARC21slim.xsd"
    xmlns="http://www.loc.gov/MARC21/slim">

  <leader>01287nam2a2200301   4500</leader>
  <controlfield tag="001">RU\NLR\BIBL_A\011413216</controlfield>
  <controlfield tag="005">20250626062144.0</controlfield>
  <datafield tag="010" ind1=" " ind2=" ">
    <subfield code="a">5-03-002895-1</subfield>
    <subfield code="9">20000</subfield>
  </datafield>
  <datafield tag="035" ind1=" " ind2=" ">
    <subfield code="a">(NLR Aleph) 011413216</subfield>
  </datafield>
  <datafield tag="090" ind1=" " ind2=" ">
    <subfield code="a">11568993</subfield>
    <subfield code="c">11568993</subfield>
  </datafield>
  <datafield tag="100" ind1=" " ind2=" ">
    <subfield code="a">20170622d1995    |||y0rusy50      ca</subfield>
  </datafield>
  <datafield tag="101" ind1="1" ind2=" ">
    <subfield code="a">rus</subfield>
    <subfield code="c">eng</subfield>
  </datafield>
  <datafield tag="102" ind1=" " ind2=" ">
    <subfield code="a">RU</subfield>
  </datafield>
  <datafield tag="105" ind1=" " ind2=" ">
    <subfield code="a">ab||z|||001zy</subfield>
  </datafield>
  <datafield tag="200" ind1="1" ind2=" ">
    <subfield code="a">&#x417;&#x430;&#x433;&#x440;&#x44F;&#x437;&#x43D;&#x435;&#x43D;&#x438;&#x435; &#x432;&#x43E;&#x434;&#x44B; &#x438; &#x432;&#x43E;&#x437;&#x434;&#x443;&#x445;&#x430;</subfield>
    <subfield code="f">&#x43F;&#x435;&#x440;. &#x41B;.&#x412;. &#x421;&#x430;&#x43C;&#x441;&#x43E;&#x43D;&#x435;&#x43D;&#x43A;&#x43E;</subfield>
  </datafield>
  <datafield tag="210" ind1=" " ind2=" ">
    <subfield code="d">1995</subfield>
    <subfield code="a">&#x411;. &#x43C;.</subfield>
  </datafield>
  <datafield tag="215" ind1=" " ind2=" ">
    <subfield code="a">296 &#x441;.</subfield>
    <subfield code="c">&#x438;&#x43B;., &#x43A;&#x430;&#x440;&#x442;.</subfield>
  </datafield>
  <datafield tag="320" ind1=" " ind2=" ">
    <subfield code="a">&#x41F;&#x440;&#x435;&#x434;&#x43C;. &#x443;&#x43A;&#x430;&#x437;.: &#x441;. 291-296</subfield>
  </datafield>
  <datafield tag="461" ind1=" " ind2="0">
    <subfield code="1">001RU\NLR\BIBL_A\011413218</subfield>
    <subfield code="1">2001#$a&#x421;&#x440;&#x435;&#x434;&#x430; &#x43D;&#x430;&#x448;&#x435;&#x433;&#x43E; &#x43E;&#x431;&#x438;&#x442;&#x430;&#x43D;&#x438;&#x44F;$e&#x432; 4 &#x43A;&#x43D;.$e&#x43F;&#x435;&#x440;. &#x441; &#x430;&#x43D;&#x433;&#x43B;.$v&#x41A;&#x43D;. 2</subfield>
    <subfield code="1">700#1$a&#x420;&#x435;&#x432;&#x435;&#x43B;&#x43B;&#x44C;$b&#x41F;.$g&#x41F;&#x435;&#x43D;&#x435;&#x43B;&#x43E;&#x43F;&#x430;</subfield>
    <subfield code="9">11569006</subfield>
    <subfield code="a">&#x420;&#x435;&#x432;&#x435;&#x43B;&#x43B;&#x44C;, &#x41F;.</subfield>
    <subfield code="c">&#x41C;&#x43E;&#x441;&#x43A;&#x432;&#x430;</subfield>
    <subfield code="d">1994</subfield>
    <subfield code="n">&#x41C;&#x438;&#x440;</subfield>
    <subfield code="o">&#x432; 4 &#x43A;&#x43D;. : &#x43F;&#x435;&#x440;. &#x441; &#x430;&#x43D;&#x433;&#x43B;.</subfield>
    <subfield code="t">&#x421;&#x440;&#x435;&#x434;&#x430; &#x43D;&#x430;&#x448;&#x435;&#x433;&#x43E; &#x43E;&#x431;&#x438;&#x442;&#x430;&#x43D;&#x438;&#x44F;</subfield>
    <subfield code="y">5030028935</subfield>
    <subfield code="v">&#x41A;&#x43D;. 2</subfield>
  </datafield>
  <datafield tag="606" ind1="1" ind2=" ">
    <subfield code="a">&#x412;&#x43E;&#x437;&#x434;&#x443;&#x445;</subfield>
    <subfield code="x">&#x417;&#x430;&#x433;&#x440;&#x44F;&#x437;&#x43D;&#x435;&#x43D;&#x438;&#x435;</subfield>
    <subfield code="9">949414</subfield>
    <subfield code="3">RU\NLR\AUTH\6633942</subfield>
  </datafield>
  <datafield tag="606" ind1="1" ind2=" ">
    <subfield code="a">&#x412;&#x43E;&#x434;&#x430;</subfield>
    <subfield code="x">&#x417;&#x430;&#x433;&#x440;&#x44F;&#x437;&#x43D;&#x435;&#x43D;&#x438;&#x435;</subfield>
    <subfield code="9">1257217</subfield>
    <subfield code="3">RU\NLR\AUTH\66198271</subfield>
  </datafield>
  <datafield tag="686" ind1="1" ind2=" ">
    <subfield code="a">&#x420;121.14</subfield>
  </datafield>
  <datafield tag="686" ind1="1" ind2=" ">
    <subfield code="a">&#x420;121.15</subfield>
  </datafield>
  <datafield tag="852" ind1=" " ind2=" ">
    <subfield code="a">NLR</subfield>
    <subfield code="j">95-5/771</subfield>
  </datafield>
  <datafield tag="942" ind1=" " ind2=" ">
    <subfield code="c">BOOK</subfield>
  </datafield>
  <datafield tag="980" ind1=" " ind2=" ">
    <subfield code="a">NB</subfield>
  </datafield>
  <datafield tag="995" ind1=" " ind2=" ">
    <subfield code="5">2017-07-10</subfield>
    <subfield code="b">NLR03</subfield>
    <subfield code="c">NLR03</subfield>
    <subfield code="e">UJZ</subfield>
    <subfield code="f">1-346818</subfield>
    <subfield code="k">&#x42E; &#x411;1/&#x420;-32</subfield>
    <subfield code="o">0</subfield>
    <subfield code="p">0.00</subfield>
    <subfield code="r">BOOK</subfield>
    <subfield code="s">_132</subfield>
  </datafield>
</record>
